Crédito, banca y cajas de ahorro : (Registro nro. 8174)

Detalles MARC
000 -LEADER
fixed length control field 02407nam a2200265Ia 4500
003 - CONTROL NUMBER IDENTIFIER
control field OSt
005 - DATE AND TIME OF LATEST TRANSACTION
control field 20210727114151.0
008 - FIXED-LENGTH DATA ELEMENTS--GENERAL INFORMATION
fixed length control field 210310s1975 sp gr 000 0 spa d
020 ## - INTERNATIONAL STANDARD BOOK NUMBER
International Standard Book Number 8430905545
040 ## - CATALOGING SOURCE
Original cataloging agency CO-JMCR
Transcribing agency CO-JMCR
041 0# - LANGUAGE CODE
Language code of text/sound track or separate title spa
082 04 - DEWEY DECIMAL CLASSIFICATION NUMBER
Classification number 332.7 /
Item number M386c
Edition number 23
100 1# - MAIN ENTRY--PERSONAL NAME
Personal name Martín-Retortillo Baquer, Sebastián,
9 (RLIN) 16535
Relator term autor
245 10 - TITLE STATEMENT
Title Crédito, banca y cajas de ahorro :
Remainder of title aspectos jurídico-administrativos /
Statement of responsibility, etc. Sebastián Martín-Retortillo Baquer
260 ## - PUBLICATION, DISTRIBUTION, ETC.
Place of publication, distribution, etc. Madrid :
Name of publisher, distributor, etc. Editorial Tecnos,
Date of publication, distribution, etc. 1975
300 ## - PHYSICAL DESCRIPTION
Extent 427 páginas ;
Dimensions 22 cm.
490 0# - SERIES STATEMENT
Series statement Biblioteca Tecnos de Estudios Jurídicos
500 ## - GENERAL NOTE
General note Incluye notas a pie de página e índice de autores.
505 0# - FORMATTED CONTENTS NOTE
Formatted contents note Las bases históricas de la ordenación jurídica del crédito -- Principios de la vigente ordenación del crédito y de la banca -- Aspectos institucionales del crédito oficial -- Ordenación administrativa del crédito privado -- Aproximación al tema de las cajas de ahorro
520 3# - SUMMARY, ETC.
Summary, etc. Desde un planteamiento intencionadamente polémico, se estudia en el presente libro tema de tanto significado y actualidad como es el de la intervención administrativa en el crédito. Tras el análisis de sus bases históricas, y siempre desde la perspectiva institucional, son tres de las partes fundamentales en la que se divide. En primer lugar, la relativa al crédito oficial, de reciente regulación, tras la crisis por todos conocida que el sistema ha sufrido en fecha reciente como consecuencia del asunto Matesa. Se estudia también la ordenación administrativa del crédito privado: constitución de nuevos bancos, apertura de sucursales, intervención en el ejercicio de la banca. Por último, el importante tema de las Cajas de Ahorro, cuyo estudio jurídico permanecía hasta ahora prácticamente inédito.<br/>Se trata de una obra de singular relieve, tanto por los tema que se estudian como por el tratamiento que reciben. La problemática que aquéllos ofrecen en nuestro complejo y siempre variante sistema positivo, se completa con el análisis de la jurisprudencia habida sobre los mismo en esta obra en la que S. Martín-Retortillo continúa en las investigaciones que viene realizando en materia de Derecho administrativo económico.
650 14 - SUBJECT ADDED ENTRY--TOPICAL TERM
Topical term or geographic name entry element Crédito
9 (RLIN) 16537
Geographic subdivision España
650 24 - SUBJECT ADDED ENTRY--TOPICAL TERM
Topical term or geographic name entry element Bancos
Geographic subdivision España
9 (RLIN) 38770
650 24 - SUBJECT ADDED ENTRY--TOPICAL TERM
Topical term or geographic name entry element Cajas de ahorros
Geographic subdivision España
9 (RLIN) 38771
942 ## - ADDED ENTRY ELEMENTS (KOHA)
Source of classification or shelving scheme Dewey Decimal Classification
Koha item type Books
Existencias
Withdrawn status Lost status Source of classification or shelving scheme Damaged status Not for loan Collection code Home library Current library Date acquired Source of acquisition Full call number Barcode Date last seen Copy number Koha item type
    Dewey Decimal Classification     Non-fiction Biblioteca Pública José María del Castillo y Rada Biblioteca Pública José María del Castillo y Rada 04/15/2018 Donación 332.7 / M386c 430003320 05/16/2024 Ej.1 Books